000 00602nam a22002057a 4500
999 _c3624
_d3624
003 AR-CdUCM
008 190307b ||||| |||| 00| 0 spa d
040 _aMUNICIPALIDAD PROVINCIAL DEL CUSCO
_cBIBLIOTECA MUNICIPAL DEL CUSCO
082 _a869.508 /
_bH11
100 _aHabich, Edgardo de
_911825
245 _aEl monstruo sagrado /
260 _aLima :
_bPopulibros Peruanos,
_c[1964?]
300 _a155 páginas ;
_c17 cm.
440 _a7a. Serie
_911826
650 _aNovela Peruana
_910636
650 _aEscritor Peruano
_97034
650 _aSiglo XX
_98
942 _2ddc
_cLIBROS
945 _admma